| 000 | 00647nam a2200217 a 4500 | ||
|---|---|---|---|
| 999 |
_c1572 _d1572 |
||
| 001 | 1572 | ||
| 003 | BD-JhCC | ||
| 005 | 20171127084357.0 | ||
| 008 | 171021s1993 mul |||| ||a| 000 0 mul d | ||
| 035 | _a(BD-JhCC)1572 | ||
| 040 |
_aBD-JhCC _dBD-JhCC |
||
| 041 | _amul | ||
| 082 |
_223 _a891.4403 _bCHO 1993 |
||
| 100 | _aচৌধুরী, কবীর | ||
| 245 |
_aসাহিত্যকোষ / _cকবীর চৌধুরী |
||
| 260 |
_aঢাকা : _bশিল্পতরু প্রকাশনী, _c১৯৯৩. |
||
| 300 |
_a134 p. : _c21 cm. |
||
| 650 |
_aTreasury _xBengali Literature |
||
| 942 |
_2ddc _cBK |
||